Catálogo público

Estadística y muestreo / (Record no. 104180)

MARC details
000 -CABECERA
campo de control de longitud fija 01295nam a2200337 a 4500
001 - NÚMERO DE CONTROL
campo de control 000107718
003 - IDENTIFICADOR DEL NÚMERO DE CONTROL
campo de control CHAP
005 - FECHA Y HORA DE LA ÚLTIMA TRANSACCIÓN
campo de control 20240507111144.0
008 - DATOS DE LONGITUD FIJA--INFORMACIÓN GENERAL
campo de control de longitud fija 131023s2005 ck |r| |||1|||spa d
010 ## - NÚMERO DE CONTROL DE LA BIBLIOTECA DEL CONGRESO
Número de control de LC 104180
011 ## - ENLACE DEL NUMERO DE CONTROL DE LA BIBLIOTECA DEL CONGRESO [OBSOLETO]
Número de control de LC 105152
020 ## - NÚMERO INTERNACIONAL ESTÁNDAR DEL LIBRO
Número Internacional Estándar del Libro 9789586484114
040 ## - FUENTE DE LA CATALOGACIÓN
Centro/agencia transcriptor CHAP
082 04 - NÚMERO DE LA CLASIFICACIÓN DECIMAL DEWEY
Número de clasificación 519.52
Número de documento/Ítem M38 2005
100 1# - ENTRADA PRINCIPAL--NOMBRE DE PERSONA
Nombre de persona Martínez Bencardino, Ciro.
9 (RLIN) 124444
245 10 - MENCIÓN DE TÍTULO
Título Estadística y muestreo /
Mención de responsabilidad, etc. por Ciro Martínez Bencardino.
250 ## - MENCIÓN DE EDICIÓN
Mención de edición 12 ed.
300 ## - DESCRIPCIÓN FÍSICA
Extensión xix, 1022 p.
Material acompañante/anejo +1 CD (4/3 plg.)
490 1# - MENCIÓN DE SERIE
Mención de serie Matemáticas
500 ## - NOTA GENERAL
Nota general El CD contiene Parte 1. ; Ejercicios para resolver - capítulo 1 al 13. Desarrollo del capítulo 14 - Algunos elementos básicos de las matemáticas. Parte 2. ; Aplicaciones en Excel. Cálculo de medidas en estadísticas descríptiva inferencia estadística. Parte 3. ; Práctica con población de 1080 observaciones. Parte 4. Archivo de práctica. Parte 5. Acrobat Reader 5.0.
650 14 - PUNTO DE ACCESO ADICIONAL DE MATERIA--TÉRMINO DE MATERIA
Término de materia o nombre geográfico como elemento de entrada Estadística
Subdivisión general Metodología.
9 (RLIN) 38253
650 14 - PUNTO DE ACCESO ADICIONAL DE MATERIA--TÉRMINO DE MATERIA
Término de materia o nombre geográfico como elemento de entrada Inferencia estadística.
9 (RLIN) 58062
650 14 - PUNTO DE ACCESO ADICIONAL DE MATERIA--TÉRMINO DE MATERIA
Término de materia o nombre geográfico como elemento de entrada Muestreo estadístico.
9 (RLIN) 79288
830 #0 - PUNTO DE ACCESO ADICIONAL DE SERIE-TÍTULO UNIFORME
Título uniforme Matemáticas
9 (RLIN) 72902
942 ## - ELEMENTOS DE PUNTO DE ACCESO ADICIONAL (KOHA)
Tipo de ítem Koha Libro
Fuente del sistema de clasificación o colocación Dewey Decimal Classification
942 ## - ELEMENTOS DE PUNTO DE ACCESO ADICIONAL (KOHA)
Suprimir en OPAC 0
Fuente del sistema de clasificación o colocación Dewey Decimal Classification
260 ## - PUBLICACIÓN, DISTRIBUCIÓN, ETC.
Lugar de publicación, distribución, etc. Bogota :
Nombre del editor, distribuidor, etc. Ecoe,
Fecha de publicación, distribución, etc. 2005.
590 ## - NOTA LOCAL (RLIN)
Nota local BATCH-UPD
Procedencia (VM) [OBSOLETO] 10
Condición del los carretes individuales (VM) [OBSOLETO] 20180720
590 ## - NOTA LOCAL (RLIN)
Nota local E6096MTM
Procedencia (VM) [OBSOLETO] 10
Condición del los carretes individuales (VM) [OBSOLETO] 20131023
901 ## - ELEMENTOS DE DATOS A LOCAL LDA (RLIN)
a BK
Holdings
Estado de retiro Estado de pérdida Fuente del sistema de clasificación o colocación Estado dañado Restricciones de uso No para préstamo Código de colección Localización permanente Ubicación/localización actual Ubicación en estantería Fecha de adquisición Fuente de adquisición Información codificada de la localización en otra ubicación Total de préstamos Renovaciones totales Signatura topográfica completa Código de barras En préstamo Fecha visto por última vez Fecha del último préstamo Número de copia Precio válido a partir de Tipo de ítem Koha Nota pública
    Dewey Decimal Classification   Préstamo 15 días   General Biblioteca Central Biblioteca Central Planta alta - Colección General 23/10/2013 I.c/e LIBRO 2 1 519.52 M38 2005 33724002338710 10/11/2025 09/10/2025 09/10/2025 c.2 31/12/2019 Libro  
    Dewey Decimal Classification   Préstamo 15 días   General Biblioteca Central Biblioteca Central Planta alta - Colección General 23/10/2013 I.c/e LIBRO 1   519.52 M38 2005 33724002338751   05/06/2024 21/05/2024   31/12/2019 Libro  
    Dewey Decimal Classification   Préstamo interno   Material multimedia Biblioteca Central Biblioteca Central Planta Principal - Área de préstamo - Mat. Multimedia 23/10/2013 I.c/e       519.52 M38 2005 33724002588806   07/05/2024     31/12/2019 CD Material complementario
    Dewey Decimal Classification   Préstamo interno   Material multimedia Biblioteca Central Biblioteca Central Planta Principal - Área de préstamo - Mat. Multimedia 23/10/2013 I.c/e       519.52 M38 2005 33724002588818   07/05/2024   c.2 31/12/2019 CD Material complementario